Summary of published papers on synthetic condoms (Record no. 74206)

MARC details
000 -LEADER
fixed length control field 00372nam a2200121Ia 4500
245 #0 - TITLE STATEMENT
Title Summary of published papers on synthetic condoms
260 ## - PUBLICATION, DISTRIBUTION, ETC. (IMPRINT)
Place of publication Switzerland
260 ## - PUBLICATION, DISTRIBUTION, ETC. (IMPRINT)
Year of publication 2002
Name of publisher International Organization for Standards
500 ## - GENERAL NOTE
General note Standard number: ISO/TC 157/WG 17 N 10
650 ## - SUBJECT ADDED ENTRY--TOPICAL TERM
Topical Term Synthetic condoms
942 ## - ADDED ENTRY ELEMENTS (KOHA)
Koha item type Standards
Holdings
Withdrawn status Lost status Damaged status Not for loan Home library Current library Date acquired Koha item type
      Standards RRII Library RRII Library 31/12/2021 Standards